Central Library OPAC University of Rajshahi

শরহে বেকায়া : (Record no. 44102)

MARC details
000 -LEADER
fixed length control field 00868nam a22002417a 4500
001 - CONTROL NUMBER
control field 44102
003 - CONTROL NUMBER IDENTIFIER
rucl marc code BD-RjUL
005 - DATE AND TIME OF LATEST TRANSACTION
control field 20211209053812.0
008 - FIXED-LENGTH DATA ELEMENTS--GENERAL INFORMATION
fixed length control field 160713s1964 pk ||||| |||| 00| 0 ben d
035 ## - SYSTEM CONTROL NUMBER
System control number (BD-RjUL)44220
040 ## - CATALOGING SOURCE
Original cataloging agency BD-RjUL
Language of cataloging ben
Transcribing agency BD-RjUL
041 ## - LANGUAGE CODE
Language code of text/sound track or separate title ben
082 ## - DEWEY DECIMAL CLASSIFICATION NUMBER
Edition number 23
Classification number 297
Author mark and year SOR 1964
245 00 - TITLE STATEMENT
Title শরহে বেকায়া :
Remainder of title বাংলা তরজমা /
Statement of responsibility, etc. নুরুদ্দীন আহমদ অনূদিত
250 ## - EDITION STATEMENT
Edition statement ১ম সং.
260 ## - PUBLICATION, DISTRIBUTION, ETC. (IMPRINT)
Place of publication, distribution, etc. ঢাকা :
Name of publisher, distributor, etc. হামিদিয়া লাইব্রেরী,
Date of publication, distribution, etc. ১৯৬৪
300 ## - PHYSICAL DESCRIPTION
Pagination খণ্ড ;
Size ২১ সেমি.
505 0# - FORMATTED CONTENTS NOTE
Formatted contents note খণ্ড ১ --
650 ## - SUBJECT ADDED ENTRY--TOPICAL TERM
Topical term or geographic name as entry element ইসলাম
9 (RLIN) 135414
Topical term or geographic name as entry element Islam
9 (RLIN) 135415
700 ## - ADDED ENTRY--PERSONAL NAME
Personal name আহমদ, নুরুদ্দীন, অনূদিত
942 ## - ADDED ENTRY ELEMENTS (KOHA)
Source of classification or shelving scheme Dewey Decimal Classification
Koha item type Books
Holdings
Lost status Source of classification or shelving scheme Damaged status Not for loan Collection code Permanent Location Current Location Shelving location Date acquired Source of acquisition Cost, normal purchase price Total Checkouts Full call number Date last seen Copy number Koha item type
  Dewey Decimal Classification     Non-fiction Central Library, University of Rajshahi Central Library, University of Rajshahi   30/05/1967 Farukh Library, Rajshahi 30.00   B 297 SOR V-1 1964 13/07/2016 C-2 Books
  Dewey Decimal Classification     Non-fiction Central Library, University of Rajshahi Central Library, University of Rajshahi   30/05/1967 Farukh Library, Rajshahi 30.00   B 297 SOR V-1 1964 17/07/2016 C-3 Books
  Dewey Decimal Classification     Non-fiction Central Library, University of Rajshahi Central Library, University of Rajshahi   30/05/1967 Rajushahi : Faruk Library 30.00   B 297 SOR V-1 1964 18/07/2016 C-4 Books
  Dewey Decimal Classification   Not For Loan Non-fiction Central Library, University of Rajshahi Central Library, University of Rajshahi Reading Room 30/05/1967 Farukh Lib. Rajshahi 30.00   B 297 SOR V-1 1964 26/10/2022 C-1 Books